| 000 | 005560000a22001930004500 | ||
|---|---|---|---|
| 999 |
_c48958 _d48958 |
||
| 001 | 1801 | ||
| 003 | CO-MdFUSB | ||
| 005 | 20180829153154.0 | ||
| 008 | 171115b xxu||||| |||| 00| 0 eng d | ||
| 020 | _a958-704-017-1 | ||
| 040 | _cCO-MdBIC | ||
| 082 | 0 | 4 | _a863C Al28pv |
| 100 | 1 | _aSommer-Bodenburg, Angela | |
| 245 | 1 | 0 | _aEl Pequeño vampiro / Angela Sommer-Bodenburg; traducción de Leopoldo Rodríguez Regueira; ilustraciones Amelie Glienke |
| 260 | _aBogotá : Alfaguara | ||
| 300 | _a192 P. | ||
| 650 | 1 | 4 | _aNovela juvenil alemanas |
| 942 | _cLGB | ||